[Event "MCR mladeze v rapidu 2019"]
[Site "Trest"]
[Date "2019.09.07"]
[Round "6"]
[White "Day, Sophia Olivia"]
[Black "Buchtova, Viktorie"]
[Result "0-1"]
[BlackElo "1325"]
[WhiteElo "1159"]
[LiveChessVersion "1.4.8"]

1. e4 {[%clk 0:20:08]} d5 {[%clk 0:20:06]} 2. exd5 {[%clk 0:20:05]} Nf6
{[%clk 0:20:07]} 3. Nc3 {[%clk 0:19:59]} Nxd5 {[%clk 0:20:10]} 4. Nf3
{[%clk 0:19:10]} Nc6 {[%clk 0:20:03]} 5. Bc4 {[%clk 0:19:07]} Nxc3
{[%clk 0:20:00]} 6. bxc3 {[%clk 0:19:09]} e5 {[%clk 0:20:02]} 7. O-O
{[%clk 0:19:03]} Bd6 {[%clk 0:20:05]} 8. Re1 {[%clk 0:19:04]} O-O
{[%clk 0:20:06]} 9. d3 {[%clk 0:18:37]} Bg4 {[%clk 0:19:58]} 10. h3
{[%clk 0:18:30]} Bh5 {[%clk 0:19:55]} 11. Rb1 {[%clk 0:17:07]} Na5
{[%clk 0:17:38]} 12. Bb3 {[%clk 0:16:29]} Nxb3 {[%clk 0:17:34]} 13. cxb3
{[%clk 0:16:18]} Re8 {[%clk 0:17:13]} 14. Bd2 {[%clk 0:14:50]} Bc5
{[%clk 0:16:01]} 15. b4 {[%clk 0:13:56]} Bb6 {[%clk 0:16:03]} 16. a4
{[%clk 0:13:46]} a5 {[%clk 0:16:01]} 17. bxa5 {[%clk 0:12:41]} Bxa5
{[%clk 0:14:57]} 18. Qe2 {[%clk 0:10:49]} Bb6 {[%clk 0:12:16]} 19. Ra1
{[%clk 0:09:56]} Qd6 {[%clk 0:09:39]} 20. c4 {[%clk 0:07:37]} Bd4
{[%clk 0:09:10]} 21. Ra2 {[%clk 0:07:30]} Qc6 {[%clk 0:08:29]} 22. Qd1
{[%clk 0:07:04]} Qc5 {[%clk 0:06:10]} 23. Rf1 {[%clk 0:06:12]} Rad8
{[%clk 0:05:54]} 24. Qe2 {[%clk 0:04:35]} Qd6 {[%clk 0:05:23]} 25. Qe4
{[%clk 0:03:48]} Bb6 {[%clk 0:04:08]} 26. Ng5 {[%clk 0:02:30]} Bg6
{[%clk 0:02:27]} 27. Qe1 {[%clk 0:02:21]} Bxd3 {[%clk 0:01:55]} 28. a5 Ba7 0-1

[Event "MCR mladeze v rapidu 2019"]
[Site "Trest"]
[Date "2019.09.07"]
[Round "6"]
[White "Slivova, Linda"]
[Black "Barteckova, Valerie"]
[Result "0-1"]
[BlackElo "1282"]
[WhiteElo "1121"]
[LiveChessVersion "1.4.8"]

1. e4 {[%clk 0:20:06]} e5 {[%clk 0:20:09]} 2. Nc3 {[%clk 0:20:07]} Nc6
{[%clk 0:20:12]} 3. g3 {[%clk 0:20:09]} Nf6 {[%clk 0:20:13]} 4. Bg2
{[%clk 0:20:12]} Bb4 {[%clk 0:20:16]} 5. Nge2 {[%clk 0:20:13]} d6
{[%clk 0:20:16]} 6. a3 {[%clk 0:20:14]} Ba5 {[%clk 0:20:20]} 7. b4
{[%clk 0:20:17]} Bb6 {[%clk 0:20:24]} 8. Na4 {[%clk 0:20:18]} Be6
{[%clk 0:20:18]} 9. Nxb6 {[%clk 0:20:18]} axb6 {[%clk 0:20:21]} 10. d3
{[%clk 0:20:18]} h6 {[%clk 0:20:22]} 11. f3 {[%clk 0:19:58]} Qd7 {[%clk 0:20:21]}
12. g4 {[%clk 0:18:07]} h5 {[%clk 0:20:10]} 13. h3 {[%clk 0:17:31]} hxg4
{[%clk 0:20:04]} 14. fxg4 {[%clk 0:17:17]} Qe7 {[%clk 0:19:51]} 15. Be3
{[%clk 0:16:48]} Nd7 {[%clk 0:19:32]} 16. Qd2 {[%clk 0:15:56]} g6
{[%clk 0:19:25]} 17. Rf1 {[%clk 0:14:59]} f5 {[%clk 0:18:59]} 18. gxf5
{[%clk 0:14:14]} gxf5 {[%clk 0:19:00]} 19. exf5 {[%clk 0:14:10]} Bf7
{[%clk 0:19:00]} 20. Bg5 {[%clk 0:13:35]} Qf8 {[%clk 0:18:57]} 21. d4
{[%clk 0:12:29]} Qg8 {[%clk 0:18:19]} 22. h4 {[%clk 0:11:56]} Kf8
{[%clk 0:17:50]} 23. d5 {[%clk 0:11:10]} Ne7 {[%clk 0:17:41]} 24. c4
{[%clk 0:09:56]} Bh5 {[%clk 0:16:54]} 25. Bxe7+ {[%clk 0:09:10]} Kxe7
{[%clk 0:16:53]} 26. Qg5+ {[%clk 0:09:09]} Qxg5 {[%clk 0:16:15]} 27. hxg5
{[%clk 0:09:09]} Rhg8 {[%clk 0:16:16]} 28. g6 {[%clk 0:08:14]} c6
{[%clk 0:16:03]} 29. Ng3 {[%clk 0:08:07]} Bg4 {[%clk 0:15:39]} 30. Rh1
{[%clk 0:08:04]} Kf6 {[%clk 0:15:23]} 31. Be4 {[%clk 0:07:50]} Rgf8
{[%clk 0:14:50]} 32. Nh5+ {[%clk 0:07:23]} Kg5 {[%clk 0:14:34]} 33. Ng3
{[%clk 0:07:02]} Nf6 {[%clk 0:14:02]} 34. Bd3 {[%clk 0:06:18]} cxd5
{[%clk 0:14:01]} 35. cxd5 {[%clk 0:06:14]} Nxd5 {[%clk 0:14:05]} 36. Rh7
{[%clk 0:05:48]} Nxb4 {[%clk 0:14:00]} 37. g7 {[%clk 0:05:26]} Nxd3+
{[%clk 0:14:00]} 38. Kd2 {[%clk 0:04:58]} Rg8 {[%clk 0:13:03]} 39. Kxd3
{[%clk 0:04:00]} Bxf5+ {[%clk 0:12:56]} 0-1

[Event "MCR mladeze v rapidu 2019"]
[Site "Trest"]
[Date "2019.09.07"]
[Round "6"]
[White "Horkova, Tereza"]
[Black "Rybackova, Lucie"]
[Result "1-0"]
[BlackElo "1253"]
[WhiteElo "1289"]
[LiveChessVersion "1.4.8"]

1. e4 {[%clk 0:20:09]} e5 {[%clk 0:19:59]} 2. Nf3 {[%clk 0:20:12]} Nc6
{[%clk 0:19:53]} 3. Bc4 {[%clk 0:20:14]} Bc5 {[%clk 0:19:49]} 4. c3
{[%clk 0:20:18]} Nf6 {[%clk 0:19:31]} 5. d4 {[%clk 0:20:22]} exd4
{[%clk 0:19:32]} 6. cxd4 {[%clk 0:20:26]} Bb4+ {[%clk 0:19:18]} 7. Bd2
{[%clk 0:20:30]} d6 {[%clk 0:18:42]} 8. Bxb4 {[%clk 0:19:24]} Nxb4
{[%clk 0:18:40]} 9. Bxf7+ {[%clk 0:17:16]} Kxf7 {[%clk 0:18:18]} 10. Qb3+
{[%clk 0:17:20]} Nbd5 {[%clk 0:16:57]} 11. exd5 {[%clk 0:16:58]} Re8+
{[%clk 0:16:49]} 12. Kf1 b6 {[%clk 0:15:35]} 13. Nbd2 {[%clk 0:16:21]} Ba6+
{[%clk 0:15:23]} 14. Kg1 {[%clk 0:14:51]} Qe7 {[%clk 0:14:48]} 15. h3
{[%clk 0:14:35]} Ne4 {[%clk 0:13:32]} 16. Nxe4 {[%clk 0:14:32]} Qxe4
{[%clk 0:13:28]} 17. Ng5+ {[%clk 0:14:35]} Kf6 {[%clk 0:13:20]} 18. Nxe4+
{[%clk 0:14:38]} Rxe4 {[%clk 0:13:22]} 19. Qf3+ {[%clk 0:14:42]} Kg6
{[%clk 0:12:57]} 20. Qxe4+ {[%clk 0:14:45]} Kh6 {[%clk 0:12:54]} 21. g4
{[%clk 0:14:41]} g5 {[%clk 0:12:50]} 22. h4 {[%clk 0:14:42]} gxh4
{[%clk 0:12:34]} 23. Rxh4+ {[%clk 0:14:41]} Kg7 {[%clk 0:12:36]} 24. Qxh7+
{[%clk 0:14:43]} Kf6 {[%clk 0:12:23]} 25. Qf5+ {[%clk 0:14:40]} Ke7
{[%clk 0:12:23]} 26. Rh7+ {[%clk 0:14:42]} Kd8 {[%clk 0:12:22]} 27. Qf8# 1-0

[Event "MCR mladeze v rapidu 2019"]
[Site "Trest"]
[Date "2019.09.08"]
[Round "7"]
[White "Mach, Petr"]
[Black "Vojta, Jakub"]
[Result "1/2-1/2"]
[BlackElo "2086"]
[WhiteElo "1911"]
[LiveChessVersion "1.4.8"]

1. Nf3 {[%clk 0:20:08]} Nf6 {[%clk 0:20:04]} 2. c4 {[%clk 0:20:03]} c5
{[%clk 0:19:54]} 3. Nc3 {[%clk 0:20:03]} d5 {[%clk 0:19:56]} 4. cxd5
{[%clk 0:18:41]} Nxd5 {[%clk 0:19:59]} 5. Qb3 Nc7 {[%clk 0:19:06]} 6. d3
{[%clk 0:17:03]} Nc6 {[%clk 0:17:21]} 7. Bf4 {[%clk 0:11:13]} Ne6 8. Be5
{[%clk 0:11:12]} Nxe5 {[%clk 0:17:02]} 9. Nxe5 {[%clk 0:09:46]} Qc7
{[%clk 0:15:28]} 10. Qb5+ {[%clk 0:09:46]} Bd7 {[%clk 0:15:28]} 11. Nxd7
{[%clk 0:09:04]} Qxd7 {[%clk 0:15:25]} 12. Rc1 {[%clk 0:09:04]} Qxb5
{[%clk 0:15:25]} 13. Nxb5 {[%clk 0:09:07]} a6 {[%clk 0:15:26]} 14. Nc3
{[%clk 0:07:38]} b5 {[%clk 0:12:15]} 15. Ne4 {[%clk 0:07:15]} Rc8 16. b4
{[%clk 0:06:42]} f5 {[%clk 0:10:14]} 17. Nxc5 {[%clk 0:06:42]} Nxc5
{[%clk 0:10:12]} 18. bxc5 {[%clk 0:05:28]} e5 {[%clk 0:10:13]} 19. c6
{[%clk 0:05:17]} Bb4+ {[%clk 0:09:51]} 20. Kd1 {[%clk 0:05:21]} Ke7
{[%clk 0:09:46]} 21. g3 {[%clk 0:04:52]} Rhd8 {[%clk 0:09:13]} 22. Bh3
{[%clk 0:02:33]} g6 {[%clk 0:08:54]} 23. g4 {[%clk 0:02:35]} Kf6 {[%clk 0:07:26]}
24. gxf5 {[%clk 0:02:07]} gxf5 {[%clk 0:07:29]} 25. c7 {[%clk 0:01:45]} Rd7
{[%clk 0:06:25]} 26. Rc6+ Rd6 {[%clk 0:06:17]} 27. Rxd6+ {[%clk 0:01:41]} 1/2-1/2

[Event "MCR mladeze v rapidu 2019"]
[Site "Trest"]
[Date "2019.09.08"]
[Round "7"]
[White "Pribyl, Viktor"]
[Black "Frank, Adam"]
[Result "1-0"]
[BlackElo "2371"]
[WhiteElo "1859"]
[LiveChessVersion "1.4.8"]

1. d4 d6 2. e4 Nf6 3. Nc3 g6 4. h3 b6 5. g4 Bb7 6. Bg2 Nfd7 7. Nge2 e5 8. Be3 Bg7
9. O-O O-O 10. f4 exd4 11. Bxd4 Nc6 12. Bxg7 Kxg7 13. Nd5 Nf6 14. f5 Nxd5 15.
exd5 Ne5 16. f6+ Kh8 17. Qd2 Ba6 18. Qh6 Rg8 19. Rae1 Qd7 20. g5 Rae8 21. Rf4
Bxe2 22. Rxe2 Ng4 23. Rxg4 Qxg4 24. Rxe8 Qd4+ 25. Kh1 1-0

[Event "MCR mladeze v rapidu 2019"]
[Site "Trest"]
[Date "2019.09.08"]
[Round "7"]
[White "Soucek, Petr"]
[Black "Rokos, Filip"]
[Result "1-0"]
[BlackElo "1735"]
[WhiteElo "1900"]
[LiveChessVersion "1.4.8"]

1. d4 {[%clk 0:20:08]} d5 {[%clk 0:20:09]} 2. Bf4 {[%clk 0:20:10]} e6
{[%clk 0:20:10]} 3. e3 {[%clk 0:20:11]} Bd6 {[%clk 0:20:13]} 4. Bg3
{[%clk 0:20:14]} Nf6 {[%clk 0:20:12]} 5. Bd3 {[%clk 0:20:13]} O-O
{[%clk 0:20:12]} 6. Nf3 {[%clk 0:20:14]} c5 {[%clk 0:20:09]} 7. c3
{[%clk 0:20:17]} Nc6 {[%clk 0:20:10]} 8. Nbd2 {[%clk 0:19:27]} b6
{[%clk 0:20:02]} 9. Ne5 {[%clk 0:19:15]} Bb7 {[%clk 0:19:57]} 10. O-O
{[%clk 0:18:41]} Ne7 {[%clk 0:17:58]} 11. Qb1 {[%clk 0:18:34]} Ng6
{[%clk 0:15:58]} 12. f4 {[%clk 0:16:46]} Qe7 {[%clk 0:14:11]} 13. Nxg6
{[%clk 0:12:46]} hxg6 {[%clk 0:13:22]} 14. Bh4 {[%clk 0:12:47]} Qc7
{[%clk 0:11:48]} 15. Bxf6 {[%clk 0:12:08]} gxf6 {[%clk 0:11:51]} 16. Qd1
{[%clk 0:10:25]} Kg7 {[%clk 0:09:51]} 17. h4 {[%clk 0:08:56]} Rh8
{[%clk 0:09:27]} 18. g3 {[%clk 0:08:51]} Rae8 {[%clk 0:07:45]} 19. Qf3
{[%clk 0:07:01]} Qe7 {[%clk 0:06:31]} 20. a3 {[%clk 0:03:42]} Rh5
{[%clk 0:03:51]} 21. e4 dxe4 {[%clk 0:03:49]} 22. Bxe4 {[%clk 0:02:36]} Bxe4
{[%clk 0:03:18]} 23. Nxe4 {[%clk 0:02:36]} cxd4 {[%clk 0:02:44]} 24. cxd4
{[%clk 0:02:39]} Rd5 {[%clk 0:00:45]} 25. Rad1 {[%clk 0:02:43]} Bc7
{[%clk 0:00:13]} 26. Nc3 {[%clk 0:02:37]} Rd7 {[%clk 0:00:15]} 27. Rfe1
{[%clk 0:02:25]} Qd8 28. d5 {[%clk 0:01:51]} exd5 {[%clk 0:00:21]} 29. Rxe8
{[%clk 0:01:55]} Qxe8 {[%clk 0:00:24]} 30. Rxd5 {[%clk 0:01:34]} Re7
{[%clk 0:00:24]} 31. Rd2 {[%clk 0:01:25]} a6 {[%clk 0:00:19]} 32. Nd5
{[%clk 0:01:23]} Re1+ {[%clk 0:00:19]} 33. Kg2 {[%clk 0:01:23]} Bb8
{[%clk 0:00:10]} 34. f5 {[%clk 0:01:21]} Qe5 {[%clk 0:00:07]} 35. fxg6
{[%clk 0:01:10]} fxg6 {[%clk 0:00:12]} 36. Nf4 {[%clk 0:01:02]} Bd6
{[%clk 0:00:12]} 37. Qd3 {[%clk 0:00:51]} Bc5 {[%clk 0:00:09]} 38. Qxg6+
{[%clk 0:00:54]} Kf8 {[%clk 0:00:09]} 39. Rd8+ {[%clk 0:00:56]} Ke7
{[%clk 0:00:14]} 40. Qe8# {[%clk 0:00:58]} 1-0

[Event "MCR mladeze v rapidu 2019"]
[Site "Trest"]
[Date "2019.09.08"]
[Round "7"]
[White "Jun, Rudolf"]
[Black "Babula, Vlastimil"]
[Result "1/2-1/2"]
[BlackElo "1857"]
[WhiteElo "2209"]
[LiveChessVersion "1.4.8"]

1. e4 {[%clk 0:19:23]} c5 {[%clk 0:20:06]} 2. Nf3 {[%clk 0:19:24]} d6
{[%clk 0:20:05]} 3. Bb5+ {[%clk 0:19:06]} Nd7 {[%clk 0:19:56]} 4. a4
{[%clk 0:19:03]} a6 {[%clk 0:19:37]} 5. Bc4 {[%clk 0:19:01]} Ngf6
{[%clk 0:19:24]} 6. Nc3 {[%clk 0:19:01]} e6 {[%clk 0:19:15]} 7. d4
{[%clk 0:18:57]} cxd4 {[%clk 0:18:41]} 8. Qxd4 {[%clk 0:18:19]} Be7
{[%clk 0:18:24]} 9. O-O {[%clk 0:18:20]} O-O {[%clk 0:18:27]} 10. Ba2
{[%clk 0:17:42]} Qc7 {[%clk 0:18:06]} 11. h3 {[%clk 0:17:09]} b6 {[%clk 0:17:51]}
12. Be3 {[%clk 0:16:33]} Bb7 {[%clk 0:17:28]} 13. Nd2 {[%clk 0:13:03]} Rac8
{[%clk 0:17:01]} 14. Rac1 {[%clk 0:11:10]} Rfd8 {[%clk 0:15:44]} 15. Rfe1
{[%clk 0:07:31]} h6 {[%clk 0:14:22]} 16. Qc4 {[%clk 0:05:06]} Nc5
{[%clk 0:12:32]} 17. Qe2 {[%clk 0:05:10]} Bf8 {[%clk 0:11:44]} 18. Bf4
{[%clk 0:03:41]} Qc6 {[%clk 0:11:15]} 19. Qf3 {[%clk 0:02:09]} Be7
{[%clk 0:10:03]} 20. a5 {[%clk 0:01:03]} b5 {[%clk 0:09:49]} 21. b4
{[%clk 0:00:08]} Ncd7 {[%clk 0:09:27]} 22. Ne2 {[%clk 0:00:13]} Nxe4
{[%clk 0:08:54]} 23. Nxe4 {[%clk 0:00:16]} Qxe4 {[%clk 0:08:57]} 24. Qg3
{[%clk 0:00:08]} Bh4 {[%clk 0:07:58]} 25. Qf3 {[%clk 0:00:09]} Qxf3
{[%clk 0:07:58]} 26. gxf3 {[%clk 0:00:14]} e5 {[%clk 0:07:34]} 27. Be3
{[%clk 0:00:10]} Bxf3 {[%clk 0:07:34]} 28. Ng3 {[%clk 0:00:15]} Bxg3
{[%clk 0:07:02]} 29. fxg3 {[%clk 0:00:19]} Nf6 {[%clk 0:06:54]} 30. Bb6
{[%clk 0:00:07]} Re8 {[%clk 0:06:24]} 31. Kf2 {[%clk 0:00:11]} Bd5
{[%clk 0:06:05]} 32. Bxd5 {[%clk 0:00:12]} Nxd5 {[%clk 0:06:09]} 33. Red1
{[%clk 0:00:09]} Nc3 {[%clk 0:05:55]} 34. Rd3 {[%clk 0:00:13]} d5
{[%clk 0:05:50]} 35. Kg2 {[%clk 0:00:12]} d4 {[%clk 0:05:41]} 36. Re1
{[%clk 0:00:12]} Nd5 {[%clk 0:05:26]} 37. Bc5 {[%clk 0:00:16]} Nc3
{[%clk 0:05:20]} 38. g4 {[%clk 0:00:08]} f6 {[%clk 0:05:22]} 39. Kg3
{[%clk 0:00:08]} Kf7 {[%clk 0:05:21]} 40. h4 {[%clk 0:00:11]} Red8
{[%clk 0:04:54]} 41. Kf2 {[%clk 0:00:09]} Rd5 {[%clk 0:04:44]} 42. Kg3
{[%clk 0:00:07]} Rcd8 {[%clk 0:04:40]} 43. Bb6 {[%clk 0:00:11]} R8d7
{[%clk 0:04:44]} 44. Rd2 {[%clk 0:00:08]} e4 {[%clk 0:04:37]} 45. Kf4
{[%clk 0:00:10]} e3 {[%clk 0:04:27]} 46. Rd3 {[%clk 0:00:14]} g5+
{[%clk 0:04:15]} 47. hxg5 {[%clk 0:00:18]} hxg5+ {[%clk 0:04:12]} 48. Kg3
{[%clk 0:00:23]} Ne4+ {[%clk 0:04:12]} 49. Kf3 {[%clk 0:00:27]} Nf2
{[%clk 0:04:13]} 50. Rb3 {[%clk 0:00:23]} f5 {[%clk 0:03:55]} 51. gxf5
{[%clk 0:00:27]} Rxf5+ {[%clk 0:03:57]} 52. Ke2 {[%clk 0:00:31]} Ne4
{[%clk 0:03:57]} 53. Kd3 {[%clk 0:00:31]} Nc3 {[%clk 0:03:51]} 54. Bxd4
{[%clk 0:00:24]} Rfd5 1/2-1/2

[Event "MCR mladeze v rapidu 2019"]
[Site "Trest"]
[Date "2019.09.08"]
[Round "7"]
[White "Stastna, Martina"]
[Black "Sulcova, Tereza Radmila"]
[Result "0-1"]
[BlackElo "1580"]
[WhiteElo "1657"]
[LiveChessVersion "1.4.8"]

1. e4 {[%clk 0:20:08]} e6 {[%clk 0:20:00]} 2. d4 {[%clk 0:19:50]} d5
{[%clk 0:19:59]} 3. Nd2 {[%clk 0:19:52]} Nf6 {[%clk 0:19:45]} 4. e5
{[%clk 0:19:49]} Nfd7 {[%clk 0:19:44]} 5. Bd3 {[%clk 0:19:41]} c5
{[%clk 0:19:43]} 6. c3 {[%clk 0:19:36]} Nc6 {[%clk 0:19:31]} 7. Ne2
{[%clk 0:19:29]} Be7 {[%clk 0:19:18]} 8. Nf3 {[%clk 0:19:01]} O-O
{[%clk 0:18:54]} 9. O-O {[%clk 0:18:39]} f6 {[%clk 0:18:25]} 10. exf6
{[%clk 0:18:06]} Bxf6 {[%clk 0:18:25]} 11. Nf4 {[%clk 0:17:08]} Re8
{[%clk 0:16:00]} 12. Re1 {[%clk 0:16:11]} Nf8 {[%clk 0:15:50]} 13. dxc5
{[%clk 0:15:23]} e5 {[%clk 0:15:27]} 14. Nxd5 {[%clk 0:14:39]} Kh8
{[%clk 0:13:40]} 15. Nxf6 {[%clk 0:13:49]} Qxf6 {[%clk 0:13:34]} 16. Bg5
{[%clk 0:13:24]} Qf7 {[%clk 0:13:17]} 17. Qc2 {[%clk 0:12:29]} Be6
{[%clk 0:11:49]} 18. Nxe5 {[%clk 0:09:34]} Nxe5 {[%clk 0:11:13]} 19. Rxe5
{[%clk 0:09:00]} Bb3 {[%clk 0:09:22]} 20. Qe2 {[%clk 0:08:14]} Rxe5
{[%clk 0:09:04]} 21. Qxe5 {[%clk 0:08:12]} Re8 {[%clk 0:08:34]} 22. Qf5
{[%clk 0:07:39]} Bxa2 {[%clk 0:08:20]} 23. Qxf7 {[%clk 0:07:05]} Bxf7
{[%clk 0:08:22]} 24. h3 {[%clk 0:06:50]} Ne6 {[%clk 0:07:58]} 25. Be3
{[%clk 0:06:52]} a6 {[%clk 0:07:54]} 26. c6 {[%clk 0:06:39]} bxc6
{[%clk 0:07:13]} 27. Rxa6 {[%clk 0:05:54]} Rd8 {[%clk 0:07:04]} 28. Bc4
{[%clk 0:05:19]} Rc8 {[%clk 0:05:44]} 29. Ra7 {[%clk 0:04:43]} Bg8
{[%clk 0:05:13]} 30. Bxe6 {[%clk 0:04:13]} Bxe6 {[%clk 0:05:14]} 31. Bd4
{[%clk 0:04:16]} Rg8 {[%clk 0:04:41]} 32. Kf1 {[%clk 0:04:14]} Bc4+
{[%clk 0:04:36]} 33. Ke1 {[%clk 0:03:37]} Re8+ {[%clk 0:04:26]} 34. Kd1
{[%clk 0:03:38]} Bb3+ {[%clk 0:04:12]} 35. Kd2 {[%clk 0:03:38]} Rd8
{[%clk 0:04:07]} 36. Rxg7 {[%clk 0:03:34]} Rxd4+ {[%clk 0:04:07]} 37. cxd4
{[%clk 0:03:34]} Kxg7 {[%clk 0:04:10]} 38. Ke3 {[%clk 0:03:28]} Kf6
{[%clk 0:04:06]} 39. Kf4 {[%clk 0:03:30]} Bd5 {[%clk 0:04:08]} 40. g3
{[%clk 0:03:28]} Bc4 {[%clk 0:03:58]} 41. g4 {[%clk 0:02:35]} h6 {[%clk 0:03:07]}
42. h4 {[%clk 0:02:32]} Bd3 {[%clk 0:03:09]} 43. g5+ {[%clk 0:02:21]} hxg5+
{[%clk 0:01:42]} 44. hxg5+ {[%clk 0:02:25]} Kg6 {[%clk 0:01:26]} 45. b4
{[%clk 0:01:59]} Bc4 {[%clk 0:01:21]} 46. Kg4 {[%clk 0:00:26]} Be6+
{[%clk 0:01:16]} 47. Kf4 {[%clk 0:00:10]} Bd5 {[%clk 0:00:35]} 48. Kg4
{[%clk 0:00:07]} Be6+ {[%clk 0:00:16]} 49. Kf4 {[%clk 0:00:10]} Bf5
{[%clk 0:00:09]} 50. d5 {[%clk 0:00:08]} cxd5 {[%clk 0:00:11]} 51. Ke5
{[%clk 0:00:00]} 0-1

[Event "MCR mladeze v rapidu 2019"]
[Site "Trest"]
[Date "2019.09.08"]
[Round "7"]
[White "Voriskova, Anna"]
[Black "Hosova, Sandra"]
[Result "1/2-1/2"]
[BlackElo "1581"]
[WhiteElo "1591"]
[LiveChessVersion "1.4.8"]

1. e4 {[%clk 0:20:08]} c5 {[%clk 0:20:10]} 2. Nf3 {[%clk 0:20:08]} Nc6
{[%clk 0:20:14]} 3. Bb5 {[%clk 0:20:09]} a6 {[%clk 0:20:17]} 4. Bxc6
{[%clk 0:20:09]} bxc6 {[%clk 0:20:20]} 5. O-O {[%clk 0:20:10]} Nf6
{[%clk 0:20:22]} 6. e5 {[%clk 0:19:45]} Nd5 {[%clk 0:20:04]} 7. c4
{[%clk 0:19:31]} Nb6 {[%clk 0:20:01]} 8. Qe2 {[%clk 0:19:11]} g6 {[%clk 0:19:41]}
9. Nc3 {[%clk 0:19:00]} Bg7 {[%clk 0:19:42]} 10. d4 {[%clk 0:17:59]} cxd4
{[%clk 0:19:35]} 11. Nxd4 {[%clk 0:18:02]} O-O {[%clk 0:19:22]} 12. c5
{[%clk 0:17:21]} Nd5 {[%clk 0:18:56]} 13. Bd2 {[%clk 0:15:39]} Qc7
{[%clk 0:18:04]} 14. f4 {[%clk 0:15:14]} a5 {[%clk 0:17:17]} 15. Rac1
{[%clk 0:14:45]} Ba6 {[%clk 0:17:00]} 16. Nxd5 {[%clk 0:14:05]} cxd5
{[%clk 0:16:34]} 17. Nb5 {[%clk 0:13:04]} Qc6 {[%clk 0:15:35]} 18. a4
{[%clk 0:12:59]} Rfb8 {[%clk 0:15:20]} 1/2-1/2

[Event "MCR mladeze v rapidu 2019"]
[Site "Trest"]
[Date "2019.09.08"]
[Round "7"]
[White "Trasakova, Adela"]
[Black "Nespora, Tatana"]
[Result "1-0"]
[BlackElo "1497"]
[WhiteElo "1656"]
[LiveChessVersion "1.4.8"]

1. d4 {[%clk 0:20:07]} Nf6 {[%clk 0:20:09]} 2. Bf4 {[%clk 0:20:10]} g6
{[%clk 0:20:12]} 3. Nf3 {[%clk 0:20:01]} Bg7 {[%clk 0:20:16]} 4. Nbd2
{[%clk 0:20:02]} d6 {[%clk 0:20:19]} 5. e4 {[%clk 0:19:59]} O-O {[%clk 0:20:10]}
6. c3 {[%clk 0:19:50]} Nc6 {[%clk 0:19:38]} 7. h3 {[%clk 0:19:23]} Re8
{[%clk 0:19:01]} 8. Bc4 {[%clk 0:18:33]} e6 {[%clk 0:16:58]} 9. Bb3
{[%clk 0:16:47]} Nh5 {[%clk 0:15:42]} 10. Be3 {[%clk 0:15:20]} e5
{[%clk 0:14:59]} 11. dxe5 {[%clk 0:14:38]} dxe5 {[%clk 0:15:01]} 12. O-O
{[%clk 0:14:18]} Nf4 {[%clk 0:14:11]} 13. Nc4 {[%clk 0:11:54]} Qf6
{[%clk 0:11:23]} 14. Bxf4 {[%clk 0:10:57]} Qxf4 {[%clk 0:10:08]} 15. Qe2
{[%clk 0:10:28]} Be6 {[%clk 0:09:14]} 16. Rfe1 {[%clk 0:08:51]} Rad8
{[%clk 0:08:24]} 17. Rad1 {[%clk 0:08:33]} Kh8 {[%clk 0:06:44]} 18. Rxd8
{[%clk 0:07:50]} Rxd8 {[%clk 0:06:47]} 19. Qe3 {[%clk 0:07:24]} Qxe3
{[%clk 0:04:26]} 20. Nxe3 {[%clk 0:06:43]} Bxb3 {[%clk 0:04:11]} 21. axb3
{[%clk 0:06:46]} Kg8 {[%clk 0:03:38]} 22. b4 {[%clk 0:06:21]} a6 {[%clk 0:03:28]}
23. Nd5 {[%clk 0:06:10]} Rd7 {[%clk 0:03:09]} 24. Rd1 {[%clk 0:05:35]} Nb8
{[%clk 0:02:48]} 25. Kf1 {[%clk 0:04:57]} Kf8 {[%clk 0:02:26]} 26. Ke2
{[%clk 0:04:51]} c6 {[%clk 0:01:54]} 27. Ne3 {[%clk 0:04:31]} Rxd1
{[%clk 0:01:56]} 28. Kxd1 {[%clk 0:04:28]} Ke7 {[%clk 0:02:00]} 29. Ke2
{[%clk 0:04:23]} Nd7 {[%clk 0:02:04]} 30. Kd3 {[%clk 0:04:24]} Nf6
{[%clk 0:02:08]} 31. Nxe5 {[%clk 0:04:04]} Ke6 {[%clk 0:02:13]} 32. Nf3
{[%clk 0:04:01]} Nh5 {[%clk 0:01:59]} 33. g3 {[%clk 0:03:55]} Nf6
{[%clk 0:02:02]} 34. Nc4 {[%clk 0:03:42]} Kd7 {[%clk 0:01:43]} 35. Na5
{[%clk 0:03:30]} Kc7 {[%clk 0:01:46]} 36. Ng5 {[%clk 0:03:29]} b6 37. Nb3
{[%clk 0:03:25]} Kd6 {[%clk 0:00:47]} 38. Nxf7+ {[%clk 0:03:22]} Ke6
{[%clk 0:00:51]} 39. Ng5+ {[%clk 0:03:23]} Ke5 40. Nf3+ Kd6 {[%clk 0:00:55]} 41.
e5+ {[%clk 0:03:26]} 1-0

[Event "MCR mladeze v rapidu 2019"]
[Site "Trest"]
[Date "2019.09.08"]
[Round "7"]
[White "Semova, Lada"]
[Black "Markova, Karolina"]
[Result "0-1"]
[BlackElo "1518"]
[WhiteElo "1424"]
[LiveChessVersion "1.4.8"]

1. e4 c5 2. Nc3 Nc6 3. f4 d6 4. Bc4 Nf6 5. d3 g6 6. Nf3 Bg7 7. O-O O-O 8. Qe1 a6
9. a4 Nb4 10. Bb3 Rb8 11. Qe2 b5 12. h3 Qc7 13. Kh1 Bd7 14. axb5 axb5 15. Be3
Rfc8 16. Nd2 Nc6 17. Qd1 b4 18. Ne2 Ra8 19. Rb1 Na5 20. Ba2 Bb5 21. g4 c4 22.
dxc4 Nxc4 23. Bxc4 Bxc4 24. Nxc4 Qxc4 25. Qd3 Nxe4 26. Qxc4 Rxc4 27. Rfc1 Rac8
28. c3 bxc3 29. bxc3 Nxc3 30. Nxc3 Rxc3 31. Rxc3 Rxc3 32. Rb8+ Bf8 33. Bb6 Rxh3+
34. Kg2 Rb3 35. Kf2 Rb4 36. Ke3 Rb3+ 37. Kd4 Rb4+ 38. Kc3 Rxf4 39. g5 Rg4 40. Be3
Rg3 41. Kd4 e5+ 42. Ke4 d5+ 43. Kxd5 Rxe3 0-1

[Event "MCR mladeze v rapidu 2019"]
[Site "Trest"]
[Date "2019.09.08"]
[Round "7"]
[White "Paseka, Matyas"]
[Black "Soucek, Jan"]
[Result "0-1"]
[BlackElo "1778"]
[WhiteElo "2119"]
[LiveChessVersion "1.4.8"]

1. e4 {[%clk 0:20:08]} e5 {[%clk 0:20:08]} 2. Nf3 {[%clk 0:20:11]} Nf6
{[%clk 0:20:12]} 3. Nxe5 {[%clk 0:20:14]} d6 {[%clk 0:20:16]} 4. Nf3
{[%clk 0:20:17]} Nxe4 {[%clk 0:20:19]} 5. d4 {[%clk 0:20:21]} d5 {[%clk 0:20:23]}
6. Bd3 {[%clk 0:20:25]} Bd6 {[%clk 0:20:27]} 7. O-O {[%clk 0:20:28]} O-O
{[%clk 0:20:30]} 8. c4 {[%clk 0:20:32]} c6 {[%clk 0:20:34]} 9. Nc3
{[%clk 0:20:35]} Nxc3 {[%clk 0:20:36]} 10. bxc3 {[%clk 0:20:39]} Bg4
{[%clk 0:20:38]} 11. c5 {[%clk 0:20:03]} Be7 {[%clk 0:19:55]} 12. Bc2
{[%clk 0:19:47]} Bh5 {[%clk 0:19:07]} 13. Re1 {[%clk 0:19:20]} Nd7
{[%clk 0:18:24]} 14. Bf4 {[%clk 0:18:05]} Nf6 {[%clk 0:17:28]} 15. h3
{[%clk 0:16:22]} Re8 {[%clk 0:13:17]} 16. Be5 {[%clk 0:15:30]} b6
{[%clk 0:08:28]} 17. Ba4 {[%clk 0:14:30]} Qc8 {[%clk 0:07:16]} 18. cxb6
{[%clk 0:10:40]} axb6 {[%clk 0:07:16]} 19. Re3 {[%clk 0:10:43]} Ne4
{[%clk 0:06:10]} 20. Qb1 {[%clk 0:09:09]} Rxa4 {[%clk 0:04:58]} 21. Qxb6
{[%clk 0:08:48]} Qa6 {[%clk 0:04:14]} 22. Qc7 {[%clk 0:08:03]} f6
{[%clk 0:02:31]} 23. Bf4 {[%clk 0:07:21]} Rxa2 {[%clk 0:01:42]} 24. Rxa2
{[%clk 0:07:26]} Qxa2 {[%clk 0:01:45]} 25. Qxc6 {[%clk 0:07:29]} Qxf2+
{[%clk 0:01:45]} 26. Kh2 {[%clk 0:07:27]} Bf7 {[%clk 0:00:53]} 27. c4
{[%clk 0:07:19]} Nd2 {[%clk 0:00:37]} 28. Rd3 {[%clk 0:04:01]} Nf1+
{[%clk 0:00:23]} 29. Kh1 {[%clk 0:04:05]} Qa2 {[%clk 0:00:22]} 30. Rd1
{[%clk 0:03:28]} Qe2 {[%clk 0:00:23]} 31. Re1 {[%clk 0:03:31]} Qf2
{[%clk 0:00:20]} 32. cxd5 {[%clk 0:03:12]} Ng3+ {[%clk 0:00:18]} 33. Kh2
{[%clk 0:02:32]} Ne2 {[%clk 0:00:18]} 34. Bc7 {[%clk 0:01:12]} Nxd4
{[%clk 0:00:19]} 35. d6 {[%clk 0:00:08]} Nxc6 {[%clk 0:00:19]} 0-1